1146 1091 1146 1008 1715 1030 1324 1040 1895 1974 1874 1770 1443 1016 1717 1508 1843 1106 1989 1395 1686 1820 1431 1130 1370 1133 1978 1949 1277 1819 1955 1859 1926 1786 1080 1618 1607 1777 1297 1365 1012 1912 1402 1411 1826 1675 1555 1577 1498 1394 1544 1345 1449 1190 1030 1413 1054 1032 1185 1136 1673 1791 1344 1709 1732 1421 1115 1427 1890 1310 1173 1962 1047 1685 1438 1243 1632 1339 1402 1818 1150 1410 1004 1830 1455 1814 1863 1857 1770 1142 1362 1319 1420 1970 1706 1957 1024 1121 1203 BCNSPRNW ULIB Ver.6.0+V

เปลี่ยนเป็นภาษาไทย

Change to English
 แสดงรายละเอียดบรรณานุกรม
  กลับหน้าหลัก

Brief Record : Get Marc (ISO 2709) : E-mail record : QR code < ปิดหน้าต่าง
LEADER : 00000nam 2200000uu 4500
001    13399111636
003     ULIB
008    110704s||||||||th 000 0 tha d
050 04 BQ4570^bส664ว 2550
100 0  สายหยุด ธีรพัฒนกุล
245 10 วิธีปฏิบัติธรรมในชีวิตประจำวัน /^cสายหยุด ธีรพัฒนกุล
260    เพชบูรณ์ :^bทวีการพิมพ์,^c2550
300    59 หน้า
650  7 ธรรมะ
945    ^p0^l0^i021907
995    ทศพร
999 ^a ใช้งานได้ทุกระบบ
รายการนี้ยังไม่มีแท็ก
คุณยังไม่ได้ล็อกอิน คุณสามารถมีกิจกรรมร่วมกับเว็บไซต์ได้ แต่ต้องล็อกอินก่อน ::
  ล็อกอิน

รายการสื่อสารสนเทศ

ลำดับที่ ประเภท เลขเรียก/บาร์โค้ด สถานที่ สถานะ
- ไม่พบข้อมูล -

รายการใกล้เคียง
    หัวเรื่อง [ธรรมะ]

BibComment


ยังไม่เคยถูกคอมเมนท์

คอมเมนท์ทรัพยากรรายการนี้
  คอมเมนท์: วิธีปฏิบัติธรรมใน..


 Copyright 2026. Bcnsprnw @Library